Teoretické očakávania a skutočné výstupy volebných systémov: Ako merať veľkosť deviácie?

Rôzne prístupy pri vysvetľovaní vplyvov volebných systémov. Vplyv volebnej mechaniky, súčasnej politiky a politickej kultúry na volebné systémy. Nedostatky súčasných konceptuálnych rámcov. Index na meranie deviácii volebných systémov od teoretických očakávaní.

Guardado en:
Detalles Bibliográficos
Autor principal: Nemčok, Miroslav
Otros Autores: Šedo, Jakub
Formato: Capítulo de libro
Lenguaje:eslovaco
Materias:
Etiquetas: Agregar Etiqueta
Sin Etiquetas, Sea el primero en etiquetar este registro!

MARC

LEADER 00000nla a2200000 4500
001 0245660
005 20240108073355.2
041 0 |a slo 
044 |a CZ 
245 1 0 |a Teoretické očakávania a skutočné výstupy volebných systémov: Ako merať veľkosť deviácie?  |c Miroslav Nemčok, Jakub Šedo 
520 |a Rôzne prístupy pri vysvetľovaní vplyvov volebných systémov. Vplyv volebnej mechaniky, súčasnej politiky a politickej kultúry na volebné systémy. Nedostatky súčasných konceptuálnych rámcov. Index na meranie deviácii volebných systémov od teoretických očakávaní. 
610 2 0 |a voľby 
610 2 0 |a systémy politické 
610 2 0 |a politológia 
610 2 0 |a sociológia 
100 1 |a Nemčok, Miroslav 
700 1 |a Šedo, Jakub